000 00685nam a2200289Ia 4500
005 20260324145526.0
008 008 260324s9999 xx 000 0 eng d
020 _a9780203716182
037 _aEBOOK
040 _aCRL
040 _beng
040 _cCRL
041 _2eng
041 _aeng
084 _qCRL
100 _aDavid G. Green
_91223266
245 0 _aPower and Party in an English City
245 3 _bAn account of single-party rule
260 _bTaylor and Francis
260 _c1981
365 _a
365 _b105
856 _uhttp://www.taylorfrancis.com/books/9780203716182
942 _cEBOOK
999 _c1831301
_d1831301